Nová bonitácia V nových podmienkach

Bibliographic Details
Main Authors: Hell, Pavel, 1930-2009 (Author), Slamečka, Jaroslav (Author)
Format: Article
Language:Slovak
Subjects:

MARC

LEADER 00000nab a2200000 a 4500
001 vtls000544054
003 SK-MaSNL
005 20260304091940.0
008 250425c1995 xo 0 slo
015 |a SNBRB19rr/mm-uuuuu 
035 |a CL0544192 
035 |a urn:nbn:sk:snk-abep7a 
035 |a (urnnbn)urn:nbn:sk:snk:ar-0070xa 
035 |a (uuid)623caa68-0db2-4e48-a816-42d542c60285 
040 |a SNKBUCL  |b slo  |c SNKBUCL  |e AACR2 
041 0 |a slo 
044 |a xo  |c SK 
080 |a 639.1.053(437.6)  |2 1981 
100 1 |a Hell, Pavel,  |d 1930-2009  |4 aut  |9 125123 
245 1 0 |a Nová bonitácia  |b V nových podmienkach  |c Pavel Hell, Jaroslav Slamečka 
300 |b Fotogr. 4, tab. 1 
650 0 7 |a poľovné revíry  |2 snkbucl  |9 70281 
650 0 7 |a plochy poľovné poľné  |2 snkbucl  |9 1384981 
655 7 |a články z novín a časopisov  |2 snkbucl  |9 267496 
700 1 |a Slamečka, Jaroslav  |4 aut  |9 8823 
773 0 |t Poľovníctvo a rybárstvo  |g Roč. 47, č. 2 (1995), s. 4-5  |x 0231-8768 
850 |a Slovenská národná knižnica 
852 |a Slovenská národná knižnica 
954 |a odborná, vedecká literatúra pôvodná (slovenská)  |2 lita 
958 |a article27 
958 |a RK 
958 |a OND 
958 |a EUIPO 
992 |a RBX 
999 |c 2817536  |d 2819466